000 00553 a2200181 4500
040 _aDLC
_bDLC
082 0 0 _a004
100 1 _aAho, Alfred V.
245 1 0 _aFoundations of computer science
_cAlfred V. Aho, Jeffrey D. Ullman.
250 _aC ed.
260 _aIslmabad :
_bNational Book Foundation,
_c1995.
300 _axiii, 786 p. :
_bill. ;
_c26 cm.
440 0 _aPrinciples of computer science series
650 0 _aComputer science.
650 0 _aC (Computer program language)
700 1 0 _aUllman, Jeffrey D.,
_d1942-
942 _cBK
_k004 AHO
_2ddc
999 _c5275
_d5275